00479nam a22001577a 4500020001500000040000900015082002000024100001800044245002800062250001900090260003800109650003400147942001200181999001900193952010900212 a8178085658 cNUST a621.3815324 HAY aHaykin, Simon aAdaptive Filter Theory: aFourth Edition aDelhi:bPearson Education,c2002. aAdaptive Filter Theory963570 2ddccBK c595614d595614 00102ddc4070aCEMEbCEMEcGENd2023-08-22l0o621.3815324 HAYpCEME-40192r2023-08-22w2023-08-22yBK